000
00293nam a2200121Ia 4500
008
190216s9999||||xx |||||||||||||| ||und||
100
_a
Bhattacharya A B
245
0
_a
Economic Planning In India
260
_b
Ratan Prakashan Mandir
_c
1979
300
_a
265p
650
_a
Economics
942
_c
BK
999
_c
9370
_d
9370